| 000 | 00855nam a2200253Ia 4500 | ||
|---|---|---|---|
| 003 | OSt | ||
| 005 | 20221005103004.0 | ||
| 006 | a|||||r|||| 00| 0 | ||
| 007 | ta | ||
| 008 | 221004b |||||||| |||| 00| 0 san d | ||
| 024 | _a32944 | ||
| 037 | _cTextual | ||
| 040 |
_aCRL _cCRL _bsan |
||
| 041 |
_2san _asan |
||
| 082 | _aO15,1D63,1, 152L6 | ||
| 100 | _aभारवि | ||
| 245 | 0 | _aकिरातार्तुनीयम् प्रथमः सर्गः | |
| 246 | _aKirātārtunīyam prathamah sargah | ||
| 260 |
_aइलाहाबाद _bरामनारायणलाल बेनीमाधव भारत _c1976 |
||
| 300 |
_a136पृ. _ccm. |
||
| 650 | _aसंस्कृत साहित्य | ||
| 942 |
_hO15,1D63,1, 152L6 _cTEXL _2cc |
||
| 999 |
_c1009241 _d1009241 |
||